000 00258nmm a2200085Ia 4500
008 220120s9999||||xx |||||||||||||||||und||
100 _aDIGIT March 2010
245 0 _aRockbox, HD videos , MAC OSX, free music albums, Free games
260 _aCyber tach publication
999 _c139465
_d139465